000 00608nam a2200193Ia 4500
003 GCL
008 140319s9999 xx 000 0 ara d
040 _aGCL /
_cGCL
082 0 4 _a812.009
_bع م
100 1 _aعمر محمد الطالب
245 1 0 _aملامح المسرحية العربية الاسلامية /
_cعمر محمد الطالب
260 _a[S.N] :
_bدار الافاق الجديدة ،
_c1987
300 _a357 ص
490 _a
650 0 4 _aالمسرحية العربية
650 0 4 _aتاريخ ونقد
650 0 4 _aالمسرحيات العربية
942 _2ddc
_cBK
999 _c37412
_d37412